1445 1007 1504 1562 1754 1378 1796 1678 1470 1359 1389 1108 1818 1994 1053 1537 1840 1949 1685 1064 1084 1432 1325 1663 1088 1435 1094 1618 1348 1938 1886 1900 1018 1068 1358 1141 1575 1323 1684 1695 1007 1250 1674 1012 1479 1423 1424 1090 1170 1146 1291 1973 1862 1766 1282 1319 1591 1391 1438 1286 1353 1282 1031 1220 1531 1732 1655 1688 2000 1062 1915 1570 1952 1770 1364 1306 1765 1495 1961 2000 1081 1312 1434 1253 1453 1715 1698 1873 1246 1037 1699 1328 1933 1260 1538 1384 1991 1355 1696 BCNSPRNW ULIB Ver.6.0+V

เปลี่ยนเป็นภาษาไทย

Change to English
 แสดงรายละเอียดบรรณานุกรม
  กลับหน้าหลัก

Brief Record : Get Marc (ISO 2709) : E-mail record : QR code < ปิดหน้าต่าง
LEADER : 00000nam 2200000uu 4500
001    13399112142
003     ULIB
008    110714s2552||||th 000 0 tha d
020    9786117138065
090    นว.^bอ655ส 2552
100 0  อาริตา
245 00 สุภาพบุรุษเถื่อน/^cอาริตา
250    พิมพ์ครั้งที่ 1
260    กรุงเทพฯ :^bลีลา,^c2552
300    316 หน้า
710 1  ลีลา
945    ^p220^l0^i026038
995    ทศพร
999     ^aใช้งานได้ทุกระบบ
รายการนี้ยังไม่มีแท็ก
คุณยังไม่ได้ล็อกอิน คุณสามารถมีกิจกรรมร่วมกับเว็บไซต์ได้ แต่ต้องล็อกอินก่อน ::
  ล็อกอิน

รายการสื่อสารสนเทศ

ลำดับที่ ประเภท เลขเรียก/บาร์โค้ด สถานที่ สถานะ
- ไม่พบข้อมูล -

รายการใกล้เคียง
    ผู้แต่ง [อาริตา]

BibComment


ยังไม่เคยถูกคอมเมนท์

คอมเมนท์ทรัพยากรรายการนี้
  คอมเมนท์: สุภาพบุรุษเถื่อน ..


 Copyright 2026. Bcnsprnw @Library